山手線沿線駅外観クイズ3(ヒントあり) - Statistics

General Stats
  • This quiz has been taken 91 times
  • The average score is 8 of 10
Answer Stats
Picture Hint Answer % Correct
迷い込んだら出ることは不可能 新宿駅
100%
環状線のはずなのにこの駅止まりの電車が存在 大崎駅
93%
コリアンタウン 新大久保駅
91%
この駅と足立区を繋ぐ路線○○ライナー 日暮里駅
89%
サラリーマンの街 新橋駅
86%
日本で最初にゴジラに破壊された駅 品川駅
84%
山手線の終点駅 田端駅
81%
都電荒k(東京さくらトラム 大塚駅
81%
東海道線の駅だけど…? 田町駅
72%
オフィス街&歓楽街 五反田駅
65%
No matching quizzes found
Score Distribution
Percent of People with Each Score
Percentile by Number Answered
Your Score History
You have not taken this quiz